| 000 | 00589nam a2200217Ia 4500 | ||
|---|---|---|---|
| 003 | OSt | ||
| 005 | 20220928140718.0 | ||
| 006 | a|||||r|||| 00| 0 | ||
| 007 | ta | ||
| 008 | 220927b |||||||| |||| 00| 0 eng d | ||
| 024 | _a11281 | ||
| 037 | _cTextual | ||
| 040 |
_aSDCL _cSDCL _beng |
||
| 041 |
_2eng _aeng |
||
| 082 | _aX:8x, L9 | ||
| 100 |
_aWebber Ross A _9497207 |
||
| 245 | 0 |
_aManagement pragmatics _b Cases and reading on basic elements of managing organizations |
|
| 260 | _c1979 | ||
| 942 |
_hX:8x, L9 _cTEXL _2CC |
||
| 999 |
_c813725 _d813725 |
||